Supply Chain Management : Strategy, Planning and Operation. (Record no. 2561)

MARC details
005 - DATE AND TIME OF LATEST TRANSACTION
control field 20250523105325.0
020 ## - INTERNATIONAL STANDARD BOOK NUMBER
International Standard Book Number 978-0-13-609451-7
082 ## - DEWEY DECIMAL CLASSIFICATION NUMBER
Classification number 658.72 CHO
100 ## - MAIN ENTRY--PERSONAL NAME
Author name CHOPRA, S.
245 ## - TITLE STATEMENT
Title Supply Chain Management : Strategy, Planning and Operation.
250 ## - EDITION STATEMENT
Edition statement 4th Ed
260 ## - PUBLICATION, DISTRIBUTION, ETC.
Place of publication, distribution, etc. New York,
Name of publisher, distributor, etc. Pearson,
Date of publication, distribution, etc. 2010.
300 ## - PHYSICAL DESCRIPTION
Extent 519p.: ill.; figure, table
Other physical details Bibliography & Index
Dimensions 25cm.
700 ## - ADDED ENTRY--PERSONAL NAME
Other authors/Editors MEINDL, P.
942 ## - ADDED ENTRY ELEMENTS (KOHA)
Source of classification or shelving scheme Dewey Decimal Classification
Koha item type Books
Holdings
Date last seen Total checkouts Full call number Barcode Cost, replacement price Price effective from Koha item type Lost status Source of classification or shelving scheme Damaged status Not for loan Withdrawn status Home library Current library Shelving location Date acquired Cost, normal purchase price
05/23/2025   658.72 CHO 0000009667 162000.00 05/23/2025 Books   Dewey Decimal Classification       College of Business Education Main Library College of Business Education Main Library General Collection 06/17/2014 54000.00
05/23/2025   658.72 CHO 0000009668 162000.00 05/23/2025 Books   Dewey Decimal Classification       College of Business Education Main Library College of Business Education Main Library General Collection 06/17/2014 54000.00
05/23/2025   658.72 CHO 0000009669 162000.00 05/23/2025 Books   Dewey Decimal Classification       College of Business Education Main Library College of Business Education Main Library General Collection 06/17/2014 54000.00